Tìm hiểu để hợp tác và kinh doanh với Mỹ
Bewaard in:
| Hoofdauteur: | |
|---|---|
| Formaat: | Boek |
| Taal: | Undetermined |
| Gepubliceerd in: |
Hà Nội
Thống kê
1997
|
| Onderwerpen: | |
| Tags: |
Voeg label toe
Geen labels, Wees de eerste die dit record labelt!
|
| Thư viện lưu trữ: | Trung tâm Học liệu Trường Đại học Cần Thơ |
|---|
| LEADER | 00566nam a2200181Ia 4500 | ||
|---|---|---|---|
| 001 | CTU_23917 | ||
| 008 | 210402s9999 xx 000 0 und d | ||
| 082 | |a 337 | ||
| 082 | |b T305 | ||
| 100 | |a Đinh Văn Tiến | ||
| 245 | 0 | |a Tìm hiểu để hợp tác và kinh doanh với Mỹ | |
| 245 | 0 | |c Đinh Văn Tiến, Phạm Quyền | |
| 260 | |a Hà Nội | ||
| 260 | |b Thống kê | ||
| 260 | |c 1997 | ||
| 650 | |a international economic relations | ||
| 904 | |i Phượng, 980530 | ||
| 980 | |a Trung tâm Học liệu Trường Đại học Cần Thơ | ||